| 000 | 00521nam a2200169Ia 4500 | ||
|---|---|---|---|
| 999 |
_c35244 _d35244 |
||
| 003 | OSt | ||
| 005 | 20201217121051.0 | ||
| 008 | 190216s9999||||xx |||||||||||||| ||und|| | ||
| 040 | _coclc | ||
| 082 |
_a491.4332 _bSRI/D |
||
| 100 |
_aSrivastava, Gopinath _97626 |
||
| 245 | 2 |
_aA Dictionary Of Offical Terms (English - Hindi) / _cGopinath Srivastava |
|
| 260 |
_bA Newness Technical Book, _c1968. |
||
| 300 | _a299p | ||
| 650 | _aDictionaries | ||
| 942 |
_cREF _2ddc _h491.4332 _iSRI/D _k491.4332 _mSRI/D |
||